始球式を行った経験がある乃木坂46のメンバー - Statistics

General Stats
  • This quiz has been taken 25 times
    16 since last reset
  • The average score is 9 of 13
Answer Stats
期生 メンバー % Correct
3 久保史緒里
100%
4 賀喜遥香
100%
1 白石麻衣
85%
1 齋藤飛鳥
77%
1 秋元真夏
77%
3 向井葉月
77%
4 黒見明香
77%
6 長嶋凛桜
77%
5 小川彩
77%
4 金川紗耶
69%
2 新内眞衣
54%
1 生駒里奈
38%
1 衛藤美彩
31%
No matching quizzes found
Score Distribution
Percent of People with Each Score
Percentile by Number Answered
Your Score History
You have not taken this quiz since the last reset